| 000 | 00379ntaaa2200157 4500 | ||
|---|---|---|---|
| 003 | 01 | ||
| 005 | 20251027201321.0 | ||
| 008 | 0714s1973 ag 01 | ||
| 040 |
_aAR-BaBN _bspa _cAR-BaBN _eaacr _dRIC |
||
| 082 | _a222.1600 M31 | ||
| 100 |
_aMann, Thomas _911383 |
||
| 245 | _aDiez Mandamientos de Moisés | ||
| 250 |
_a1 ed. : _bSiglo Veinte, _cc/959 |
||
| 300 | _a75 p. | ||
| 942 | _cBK | ||
| 999 |
_c7600 _d7600 |
||